NLSUI OPAC header image

The capability approach : Development practice and public policy in the Asia-pacific region (Record no. 32169)

MARC details
000 -LEADER
fixed length control field 02258nam a2200217Ia 4500
003 - CONTROL NUMBER IDENTIFIER
control field OSt
005 - DATE AND TIME OF LATEST TRANSACTION
control field 20210520112009.0
008 - FIXED-LENGTH DATA ELEMENTS--GENERAL INFORMATION
fixed length control field 160316s2012 xxu||||| |||| 00| 0 eng d
020 ## - INTERNATIONAL STANDARD BOOK NUMBER
International Standard Book Number 9780415685733
040 ## - CATALOGING SOURCE
Transcribing agency N
082 ## - DEWEY DECIMAL CLASSIFICATION NUMBER
Classification number 338.900000
Item number PAN
100 ## - MAIN ENTRY--PERSONAL NAME
Personal name Panzironi Francesca
245 ## - TITLE STATEMENT
Title The capability approach : Development practice and public policy in the Asia-pacific region
260 ## - PUBLICATION, DISTRIBUTION, ETC.
Place of publication, distribution, etc. London
Name of publisher, distributor, etc. Routledge
Date of publication, distribution, etc. 2012
300 ## - PHYSICAL DESCRIPTION
Extent 214p
Dimensions xv
365 ## - TRADE PRICE
Price amount Rs. 7,208
505 ## - FORMATTED CONTENTS NOTE
Formatted contents note Table of contents<br/>Introduction Katharine Gelber and Francesca Panzironi;<br/>Part 1: Issues in Capability Theory;<br/>1. The Capability Approach: Its Interpretation and 'Limitations' Mozaffar Qizilbash;<br/>2. Nussbaum's Capabilities Approach: Its Impact on Theory and Practice in Social Development Richard Hugman; 3. Nussbaum's Capabilities Approach and Freedom of Speech Katharine Gelber;<br/>Part 2: Developed Countries in the Asia-Pacific: Marginalisation, Well-being and Public Policy;<br/>4. Thinking About Maori Development in Terms of the Capability Approach: The Shift Towards the Adoption of the Maori Potential Approach Manuhuia Barcham;<br/>5. The 'Indigenous Capability Right to Health' and Australia's 'Close the Gap' Indigenous Health Policy Francesca Panzironi;<br/>6. Aboriginal Peoples' Participation in the Review of the Aboriginal Heritage Act 1988 in South Australia David Baker, Francesca Panzironi and Sydney Sparrow;<br/>7. Living on the Margins: The Capabilities of Older Renters in Sydney, Australia Alan Morris;<br/>8. A Method for Assessing the Adequacy of Australian Children's Living Standards Gerry Redmond;<br/>9. Beyond Participation: A Capability Approach to Urban Development in Sydney Andy Dong;<br/>Part 3: Developing Countries in the Asia-Pacific;<br/>10. Samoa, Vanuatu and New Zealand: Participatory Monitoring and Evaluation of Development Programs John Schischka;<br/>11. Re-Evaluating the MDG framework in Papua New Guinea Joy Paton and Elisabeth Valiente-Riedl;<br/>12. Sri Lanka: Using Information and Communications Technology to Build Capabilities for Wellbeing in Post-Conflict Communities Donna Vaughan
650 ## - SUBJECT ADDED ENTRY--TOPICAL TERM
Topical term or geographic name entry element 1. Economic Development - Pacific Area2. Social Planning - Social Justice - Equality
700 ## - ADDED ENTRY--PERSONAL NAME
Personal name Gelber Katharine
--
942 ## - ADDED ENTRY ELEMENTS (KOHA)
Source of classification or shelving scheme Dewey Decimal Classification
Koha item type BOOKs
Holdings
Withdrawn status Lost status Damaged status Not for loan Home library Current library Shelving location Date acquired Cost, normal purchase price Total Checkouts Full call number Barcode Date last seen Price effective from Koha item type
        NLS NLS NAB Compactor 30/05/2017 7208.00   338.9 PAN 29122 30/05/2017 30/05/2017 BOOKs